|
|
|
|
| LEADER |
00000naa2a2200000 4500 |
| 001 |
152296 |
| 005 |
20231031150943.0 |
| 035 |
|
|
|a (RuTPU)RU\TPU\book\165126
|
| 035 |
|
|
|a RU\TPU\tpu\15068
|
| 090 |
|
|
|a 152296
|
| 100 |
|
|
|a 20090129d1970 k y0rusy50 ca
|
| 101 |
0 |
|
|a rus
|
| 102 |
|
|
|a RU
|
| 200 |
1 |
|
|a Контактный катализ фотолиза и радиолиза азидов свинца и серебра
|f Ю. А. Захаров [и др.]
|
| 463 |
|
0 |
|0 (RuTPU)RU\TPU\book\157603
|t Труды межвузовской конференции по радиационной физике
|o Томск, 5-10 июня 1967
|f под ред. А. А. Воробьева
|v С. 304-308
|d 1970
|p 407 с.
|
| 610 |
1 |
|
|a труды учёных ТПУ
|
| 701 |
|
1 |
|a Захаров
|b Ю. А.
|c российский химик
|c профессор Томского политехнического университета
|f 1938-
|g Юрий Александрович
|2 stltpush
|3 (RuTPU)RU\TPU\pers\19791
|
| 701 |
|
1 |
|a Савельев
|b Г. Г.
|c российский химик
|c профессор Томского политехнического университета
|f 1938-
|g Геннадий Гаврилович
|2 stltpush
|3 (RuTPU)RU\TPU\pers\19860
|
| 701 |
|
1 |
|a Гаврищенко
|b Ю. В.
|
| 701 |
|
1 |
|a Рябых
|b С. М.
|
| 701 |
|
1 |
|a Кислин
|b Г. А.
|
| 801 |
|
1 |
|a RU
|b 63413507
|c 20081027
|g PSBO
|
| 801 |
|
2 |
|a RU
|b 63413507
|c 20090202
|g PSBO
|
| 942 |
|
|
|c BK
|